01289cam a22003375a 4500001001000000003000400010005001700014008004100031020002500072020002200097040003600119043001200155082002600167100003600193245006600229250003100295260005400326300003300380500002700413500002400440504004100464650004000505651006000545651005600605651006500661653002400726690004400750942000800794999001700802952013200819016084405OSt20161010154046.0130105t2013 njua frbd 001 0 eng d a9780205870943 (pbk.) a0205870945 (pbk.) aIiNdDKAbengcIiNdDKAdEG-ScBUE ad------04a338.90091724222bHAN1 aHandelman, Howard,d1943-9369014aThe challenge of Third World development /cHoward Handelman. a7th ed., International ed. aUpper Saddle River :bPearson Education,cc.2013. axx, 342 p. :bill. ;c23 cm. aGlossary : p. 319-327. aIndex : p. 328-342. aIncludes bibliographical references. 7aDevelopment economics.2BUEsh94896 7aDeveloping countriesxEconomic conditions.2BUEsh93692 7aDeveloping countriesxEconomic policy.2BUEsh93693 7aDeveloping countriesxPolitics and government.2BUEsh922205 bBUSECOcOctober20167 aManagement and Business Studies2blcoll 2ddc c22501d22473 00102ddc40708BaccahaMAINbMAINc1STd2016-10-10ePurchaseg833.00l0o338.90091724 HANp000033973r2025-07-15 00:00:00yBB